000 01211na a2200325 4500
001 23046
003 MIRAKIL
005 20181213154840.0
008 170515b tu 000 0
020 _a9786053992356
035 _a23046
040 _aMilas
_btur
_cTR-AnCHP
041 _atur
082 _a327.1
_bT96 2007
090 _a327.1 T96 2007
245 _aTürk dış politikası çalışmaları
_bCumhuriyet dönemi için ulusal rehber
_barşivler, resmi ve yarı resmi yayınlar, süreli yayınlar, anılar ve yaşamöyküleri
_cderleyen Engin Berber
246 _aCumhuriyet dönemi için ulusal rehber
260 _aİstanbul
_bİstanbul Bilgi Üniversitesi Yayınları
_c2007
300 _axi, 211 s.
_bfotg.
_c19 sm.
440 _aİstanbul Bilgi Üniversitesi yayınları
_n170
490 _aİstanbul Bilgi Üniversitesi yayınları
_v170
490 _aDün-bugün
_v170
504 _aKaynakça ve dizin var.
650 _aDış politika
_xBibliyografyalar
_zTürkiye
650 _aSiyaset ve yönetim
_xKaynaklar
_zTürkiye
651 _aTürkiye
_xDış politika
_yKaynaklar
_yTarih
700 _aBerber, Engin
740 _aCumhuriyet dönemi için ulusal rehber
942 _2ddc
_cBKS
999 _c1947
_d1947